01017nam a2200253 i 4500003000900000005001700009007000300026008004100029040003100070082000700101100002600108245004800134264003300182300002700215336002700242337003300269338002800302590002600330910001500356942001300371952018000384952018200564999001700746DO-SdBNP20230531133031.0ta230531b19-- dr ||||| |||| 00| 0 spa d aDO-SdBNPbspacBNPHU erda 4222 aCabral, Manuel98348110aMadera sin tiempo :bpoema /cManuel Cabral aSanto Domingo :bs.n.c19--. a42 páginas :c22 cm. 2rdacontentatextobtxt 2rdamediaasin mediaciónbn 2rdacarrieravolumenbnc aInventariado, 2023/BT aBtavárez 2ddccLF2 00102ddc51708PDaBNPHUbBNPHUcCTd2023-05-31eDonaciónl0p2023-2124r2023-05-31w2023-05-31yLF2zPerteneció a la biblioteca personal de Mariano Lebrón Saviñón 00102ddc51708PDaBNPHUbBNPHUcCTd2023-05-31eDonaciónp2023-2125r2023-05-31te.2w2023-05-31yLF2zPerteneció a la biblioteca personal de Mariano Lebrón Saviñón c53661d53661